000 00335nam a2200157Ia 4500
003 OSt
005 20240101093911.0
008 170524s9999 xx 000 0 und d
020 _a9788177585681
040 _cIIMTU
100 _aWeste Neil HE
245 0 _aCMOS VLSI Design
260 _bPearson
260 _c2008
942 _c02
_2ddc
999 _c5070
_d5070